Rayo Vallecano Squad 2015-2016 - Statistics

General Stats
  • This quiz has been taken 17 times
  • The average score is 20 of 31
Answer Stats
# Position Nation Player % Correct
23 FW Portugal Bebé
100%
24 FW Spain Javi Guerra
100%
9 FW Angola Manucho
100%
- Coach Spain Paco Jémez
100%
11 FW Spain Adrián Embarba
80%
4 DF Spain Antonio Amaya
80%
1 GK Spain David Cobeño
80%
6 MF Chile Manuel Iturra
80%
7 FW Venezuela Miku Fedor
80%
3 DF Spain Nacho Martínez
80%
10 MF Spain Roberto Trashorras
80%
2 DF Spain Tito
80%
25 GK Spain Toño
80%
21 MF Spain Jozabed Sánchez
60%
13 GK Spain Juan Carlos
60%
19 FW Guinea Lass Bangoura
60%
14 MF Spain Pablo Hernández
60%
12 MF Spain Piti
60%
15 DF Romania Răzvan Raț
60%
25 GK Spain Yoel Rodríguez
60%
18 DF Portugal Zé Castro
60%
16 FW Armenia Aras Özbiliz
40%
5 DF Spain Chechu Dorado
40%
27 DF Spain Diego Llorente
40%
22 DF Spain José Crespo
40%
12 MF Argentina Luis Fariña
40%
6 MF Mali Ousseynou Cissé
40%
20 MF Germany Patrick Ebert
40%
17 DF Spain Quini
40%
8 MF Spain Raúl Baena
40%
16 FW China Zhang Chengdong
40%
No matching quizzes found
Score Distribution
Percent of People with Each Score
Percentile by Number Answered
Your Score History
You have not taken this quiz